Nutrisearch comparative guide to nutritional supplements consumer edition : (Record no. 6895)

MARC details
000 -LEADER
fixed length control field 00829nam a22002057a 4500
003 - CONTROL NUMBER IDENTIFIER
control field OSt
005 - DATE AND TIME OF LATEST TRANSACTION
control field 20251205013636.0
008 - FIXED-LENGTH DATA ELEMENTS--GENERAL INFORMATION
fixed length control field 251205b |||||||| |||| 00| 0 eng d
020 ## - INTERNATIONAL STANDARD BOOK NUMBER
International Standard Book Number 978-0-9732538-8-7.
040 ## - CATALOGING SOURCE
Original cataloging agency DWCL-Admin lib
Transcribing agency OC
082 ## - DEWEY DECIMAL CLASSIFICATION NUMBER
Classification number Circ. 615.1 M113n 2008
100 ## - MAIN ENTRY--PERSONAL NAME
Personal name Macwilliam, Lyle Dean
245 ## - TITLE STATEMENT
Title Nutrisearch comparative guide to nutritional supplements consumer edition :
Remainder of title abridged from the NutriSearch comparative guide to nutritional supplements, 4th (professional) edition /
Statement of responsibility, etc. Lyle Dean Macwilliam
260 ## - PUBLICATION, DISTRIBUTION, ETC.
Place of publication, distribution, etc. [USA] :
Name of publisher, distributor, etc. Northern Dimensions Pub. ,
Date of publication, distribution, etc. c2008
300 ## - PHYSICAL DESCRIPTION
Extent 8.4 p. ;
Other physical details ill. ;
Dimensions 23 cm.
504 ## - BIBLIOGRAPHY, ETC. NOTE
Bibliography, etc. note Includes bibliographical references & index.
650 ## - SUBJECT ADDED ENTRY--TOPICAL TERM
Topical term or geographic name entry element 1. Dietary supplements
650 ## - SUBJECT ADDED ENTRY--TOPICAL TERM
Topical term or geographic name entry element 2. Dietary supplements-Evaluation
942 ## - ADDED ENTRY ELEMENTS (KOHA)
Source of classification or shelving scheme Dewey Decimal Classification
Koha item type Book Circulation
Edition Consumer ed.
Call number prefix Circ.
Suppress in OPAC No
952 ## - LOCATION AND ITEM INFORMATION (KOHA)
--
Holdings
Withdrawn status Lost status Source of classification or shelving scheme Damaged status Not for loan Home library Current library Shelving location Date acquired Source of acquisition Cost, normal purchase price Total Checkouts Full call number Barcode Date last seen Copy number Price effective from Koha item type Uniform Resource Identifier
    Dewey Decimal Classification     HM & Nursing Library HM & Nursing Library Circulation 07/01/2011 School Fund 605.00   Circ. 615.1 M113n 2008 48591 12/05/2025 c1 12/05/2025 BK-CIRC